Enchiridion de la familia: documentos magisteriales y pastorales sobre la familia y la vida, 1965-1999
Kaydedildi:
| Müşterek Yazar: | |
|---|---|
| Materyal Türü: | Kitap |
| Dil: | İspanyolca |
| Baskı/Yayın Bilgisi: |
Madrid
Palabra
2000
|
| Seri Bilgileri: | Documentos MC
|
| Konular: | |
| Etiketler: |
Etiketle
Etiket eklenmemiş, İlk siz ekleyin!
|
MARC
| LEADER | 00000nam a2200000 a 4500 | ||
|---|---|---|---|
| 001 | UCM9310 | ||
| 003 | CL-VaPUC | ||
| 008 | 030417e20000000SP |||||||||||||||||spa|d | ||
| 082 | 0 | 4 | |a 262.933 |b CON |2 21 |
| 110 | 2 | |a Consejo Pontificio para la Familia |e author |9 475791 | |
| 245 | 1 | 0 | |a Enchiridion de la familia: documentos magisteriales y pastorales sobre la familia y la vida, 1965-1999 |
| 300 | |a 1361 p | ||
| 942 | |c BK | ||
| 945 | |d 20030417 00:00:00 |a cmena | ||
| 260 | |a Madrid |b Palabra |c 2000 | ||
| 650 | 7 | |a DERECHO CANONICO |2 CL-VaPUC |9 475792 | |
| 650 | 0 | |a Familias |9 255641 | |
| 650 | 0 | |a Derecho de familia |9 255603 | |
| 650 | 0 | |a Documentos pontificios |9 255642 | |
| 583 | |a last modification |c 20030417 00:00:00 |k Rodrigo Vera | ||
| 490 | 0 | |a Documentos MC | |
| 999 | |c 303631 |d 303629 | ||
| 952 | |0 0 |1 0 |4 0 |6 262_933000000000000_CON_2000 |7 0 |8 DER_HDC |9 365094 |a BIBDER |b BIBDER |d 2019-11-21 |i 3897370 |l 1 |o 262.933 CON 2000 |p 3897370 |r 2024-03-04 |s 2020-03-19 |w 2019-11-21 |x Ubicación 4to Piso |y BK |z Estos recursos deben solicitarse con anticipación |k DER | ||